000 00319 a2200109 4500
001 ART_55209
005 20260410161609.0
008 260409a
245 1 0 _aResolución técnica 37.
100 1 _aMantovan, Flavio A.
773 0 _tProfesional & Empresaria
_g- Año XXIII, Nº 269 (feb. 2022)
_wREV70
999 _c10471
_d10471